Municipios de Sonora - Estadísticas

Estadísticas generales
  • Esta prueba ha sido intentada 6 veces
  • La puntuación promedio es 25 de 72
Estadísticas de respuestas
Respuesta % Correcto
Hermosillo
100%
Caborca
80%
Magdalena
80%
Navojoa
80%
Nogales
80%
Agua Prieta
60%
Altar
60%
Benjamín Hill
60%
San Luis Río Colorado
60%
Guaymas
60%
Huatabampo
60%
Naco
60%
Puerto Peñasco
60%
Santa Ana
60%
Ures
60%
Álamos
40%
Arizpe
40%
Bacadéhuachi
40%
Cajeme
40%
Cananea
40%
Cumpas
40%
Empalme
40%
Etchojoa
40%
General Plutarco Elías Calles
40%
Granados
40%
Huásabas
40%
Mazatán
40%
Moctezuma
40%
Nácori Chico
40%
Nacozari
40%
Quiriego
40%
Rayón
40%
San Pedro de la Cueva
40%
Trincheras
40%
Villa Hidalgo
40%
Yécora
40%
Aconchi
20%
Arivechi
20%
Átil
20%
Bacanora
20%
Bacerac
20%
Bacoachi
20%
Bácum
20%
Banámichi
20%
Baviácora
20%
Bavispe
20%
Benito Juárez
20%
Carbó
20%
Divisaderos
20%
Fronteras
20%
Huachinera
20%
Huépac
20%
Ímuris
20%
La Colorada
20%
Ónavas
20%
Opodepe
20%
Oquitoa
20%
Pitiquito
20%
Rosario
20%
Sahuaripa
20%
San Felipe de Jesús
20%
San Ignacio Río Muerto
20%
San Javier
20%
San Miguel de Horcasitas
20%
Soyopa
20%
Suaqui Grande
20%
Tepache
20%
Tubutama
20%
Villa Pesqueira
20%
Cucurpe
0%
Santa Cruz
0%
Sáric
0%
No se encontraron pruebas coincidentes
Distribución de puntuación
Porcentaje de gente con cada puntuación
Porcentaje por número respondido
Historial de tus puntuaciones
No has intentado esta prueba.